000 00586nam a2200181Ia 4500
003 GCL
008 140319s9999 xx 000 0 ara d
040 _aGCL /
_cGCL
082 0 4 _a760
_bم ق
100 1 _aالمركز الثقافى الايطالى
245 1 0 _aفن جرافيك 50 فنان ايطالى فى مصر GRAFICHE: 50 ARTIST ITALIANI IN EGITTO /
_cالمركز الثقافى الايطالى
490 _a100 قصة
_v0
650 0 4 _aالفن
650 0 4 _aايطاليا
650 0 4 _aالجرافيك
650 0 4 _aالمعارض الفنية
942 _2ddc
_cBK
999 _c46738
_d46738